Reich / (Record no. 136566)

MARC details
000 -LEADER
campo de control de longitud fija 00652nam a2200217 4500
001 - NÚMERO DE CONTROL
campo de control 136566
003 - IDENTIFICADOR DE NÚMERO DE CONTROL
campo de control ES-MaACL
005 - FECHA Y HORA DE LA ÚLTIMA TRANSACCIÓN
campo de control 20230906195152.0
007 - CAMPO FIJO DE DESCRIPCIÓN FÍSICA--INFORMACIÓN GENERAL
campo de control de longitud fija t|
008 - DATOS DE LONGITUD FIJA--INFORMACIÓN GENERAL
campo de control de longitud fija 070214s1973 sp r ||||1| spa d
100 1# - ENTRADA PRINCIPAL--NOMBRE DE PERSONA
Nombre de persona Rycroft, Charles.
9 (RLIN) 101104
245 10 - MENCIÓN DEL TÍTULO
Título Reich /
Mención de responsabilidad, etc. Charles Rycroft ; traducción de Albert Roies.
250 ## - MENCION DE EDICION
Mención de edición 1ª. ed.
260 ## - PUBLICACIÓN, DISTRIBUCIÓN, ETC.
Lugar de publicación, distribución, etc. Barcelona :
Nombre del editor, distribuidor, etc. Grijalbo,
Fecha de publicación, distribución, etc. 1973.
300 ## - DESCRIPCIÓN FÍSICA
Extensión 161 p. ;
Dimensiones 18 cm.
490 1# - MENCIÓN DE SERIE
Mención de serie Maestros pensamiento contemporáneo ;
Designación de volumen o secuencia 8
700 1# - ENTRADA AGREGADA--NOMBRE PERSONAL
Nombre de persona Roies, Alberto.
9 (RLIN) 98992
830 0# - PUNTO DE ACCESO ADICIONAL DE SERIE-TÍTULO UNIFORME
Título uniforme Maestros pensamiento contemporáneo ;
Designación de volumen o secuencia 8
9 (RLIN) 220013
852 ## - LOCALIZACIÓN
Ubicación ES-MaACL
Número de control de estantería C-53509
Sublocalización o colección R.85317
Holdings
Estatus retirado Estado de pérdida Estado de daño No para préstamo Biblioteca de origen Biblioteca actual Ubicación en estantería Fecha de adquisición Fuente de adquisición Total de préstamos Signatura topográfica completa Código de barras Visto por última vez Precio de reemplazo Tipo de ítem Koha
        Biblioteca del Ateneo de Madrid Biblioteca del Ateneo de Madrid Depósito 2 17/01/2008     C-53509 1142127 23/02/2023 23/02/2023 Libro impreso